000 00781nam a2200169 i 4500
001 182809
003 ES-MaACL
005 20230906221722.0
008 131106s1990 sp |||| | spa d
100 0 _aHerrera GarcĂ­a, Antonio.
_963220
245 1 0 _aDocumentos y noticias sobre los Duques de Baena en la primera mitad del siglo XVIII /
_cAntonio Herrera Garcia.
260 _aBaena :
_b[s.n.],
_c1990.
300 _aP. 459-470 ;
_c24 cm.
595 _aSeparata de: Actas del VIII congreso de profesores-investigadores celebrado en Baena del 11 al 13 de septiembre de 1989 / "Hesperides", Asociacion de Profesores de Geografia e Historia de Bachillerato de Andalucia.
600 1 4 _aBaena, Casa de.
_9153786
852 _aES-MaACL
_j2329-F-21
_z.- Dedicatoria manuscrita del autor
999 _c182809
_d182809